| 000 | 00389nam a2200121Ia 4500 | ||
|---|---|---|---|
| 008 | 220620s9999||||xx |||||||||||||| ||und|| | ||
| 245 | 0 | _aRecent Advances in Neurodegeneration | |
| 546 | _aEnglish[eng] | ||
| 650 | _aNeurology & clinical neurophysiology | ||
| 700 | _aBorreca, Antonella | ||
| 856 | _uhttps://mts.intechopen.com/storage/books/6677/authors_book/authors_book.pdf | ||
| 942 | _cEB | ||
| 999 |
_c28763 _d28763 |
||